<?xml version="1.0" encoding="UTF-8"?>
<collection xmlns="http://www.loc.gov/MARC21/slim">
 <record>
  <leader>01124nam a22001937a 4500</leader>
  <controlfield tag="001">NCT_64805</controlfield>
  <controlfield tag="008">190619b        xxu||||| |||| 00| 0 vie d</controlfield>
  <datafield tag="999" ind1=" " ind2=" ">
   <subfield code="c">3138</subfield>
   <subfield code="d">3138</subfield>
  </datafield>
  <datafield tag="020" ind1=" " ind2=" ">
   <subfield code="a">9789814609753</subfield>
   <subfield code="c">268000</subfield>
  </datafield>
  <datafield tag="082" ind1="0" ind2="4">
   <subfield code="2">23rd ed.</subfield>
   <subfield code="a">338.5</subfield>
   <subfield code="b">M266</subfield>
  </datafield>
  <datafield tag="100" ind1="1" ind2=" ">
   <subfield code="a">Mankiw, N. Gregory</subfield>
  </datafield>
  <datafield tag="245" ind1="1" ind2="0">
   <subfield code="a">Kinh tế học vi mô =</subfield>
   <subfield code="b">Principles of microeconomics</subfield>
   <subfield code="c">N. Gregory Mankiw </subfield>
  </datafield>
  <datafield tag="260" ind1=" " ind2=" ">
   <subfield code="a">New Tech Park, Singapore</subfield>
   <subfield code="b">Cengage Learning Asia</subfield>
   <subfield code="c">2014</subfield>
  </datafield>
  <datafield tag="300" ind1=" " ind2=" ">
   <subfield code="a">557 tr.</subfield>
   <subfield code="c">24cm</subfield>
  </datafield>
  <datafield tag="520" ind1=" " ind2=" ">
   <subfield code="a"> Cung cấp cho người đọc các kiến thức khá toàn diện và chuyên sâu về các nguyên lý kinh tế học như các lý thuyết cổ điển, các lý thuyết về phát triển: nền kinh tế trong dài hạn, các lý thuyết về vòng tròn kinh tế: nền kinh tế trong ngắn hạn,....</subfield>
  </datafield>
  <datafield tag="653" ind1=" " ind2=" ">
   <subfield code="a">Quản trị kinh doanh</subfield>
  </datafield>
  <datafield tag="942" ind1=" " ind2=" ">
   <subfield code="2">ddc</subfield>
   <subfield code="c">BK</subfield>
  </datafield>
  <datafield tag="952" ind1=" " ind2=" ">
   <subfield code="0">0</subfield>
   <subfield code="1">0</subfield>
   <subfield code="2">ddc</subfield>
   <subfield code="4">0</subfield>
   <subfield code="6">338_500000000000000_M266</subfield>
   <subfield code="7">0</subfield>
   <subfield code="9">16942</subfield>
   <subfield code="a">000001</subfield>
   <subfield code="b">000001</subfield>
   <subfield code="d">2019-06-19</subfield>
   <subfield code="o">338.5 M266</subfield>
   <subfield code="p">MD.15681</subfield>
   <subfield code="r">2019-06-19</subfield>
   <subfield code="v">268000.00</subfield>
   <subfield code="w">2019-06-19</subfield>
   <subfield code="y">BK</subfield>
  </datafield>
  <datafield tag="980" ind1=" " ind2=" ">
   <subfield code="a">Thư viện Trường Đại học Nam Cần Thơ</subfield>
  </datafield>
 </record>
</collection>
